000 01195nam0a22002891 4500
001 rc\4011832
005 20130415125958.6
021 _aRU
_b[56-1056]
035 _a(NLR Aleph) 008080263
090 _a9119008
_c9119008
100 _a20130415d1955 |||y0rusy50 ca
101 0 _arus
102 _aRU
105 _aa z |||||
200 1 _aМеханизированный ток в колхозе
_e(Из опыта работы передовых колхозов Рост. обл.)
_fНауч.-техн. о-во сельского и лесного хозяйства. Центр. упр.
210 _aМосква
_cСельхозгиз
_d1955
215 _a32 с.
_cчерт.
_d20
300 _aПеред загл. авт.: С.В. Каплун, М.К. Черепахин, И.А. Чиркина
606 _aТоки (с.-х.) механизированные
_2psbo
700 1 _aКаплун
_bС. В.
_gСемен Владимирович
701 1 _aЧерепахин
_bМ. К.
701 1 _aЧиркина
_bИ. А.
_gИраида Александровна
801 0 _aRU
_bNLR
_gpsbo
801 1 _aRU
_bELAR
_2rusmarc
852 _aNLR
_jС20 Г-4/3473
942 _cBOOK
980 _aNB